000 00619nam a2200217Ia 4500
003 GCL
008 140319s9999 xx 000 0 ara d
040 _aGCL /
_cGCL
082 0 4 _aق
_b961.206
_bف ع
100 1 _aفتحى الديب
245 1 0 _aعبدالناصر وثورة ليبيا /
_cفتحى الديب
260 _a[S.N] :
_bدار المستقبل العربى ،
_c1986
300 _a488 ص
490 _a
650 0 4 _aالعصر الحديث
650 0 4 _aتاريخ
650 0 4 _aليبيا
650 0 4 _aمعمر القذافى
650 0 4 _aجمال عبدالناصر
942 _2ddc
_cBK
999 _c51762
_d51762